• 首页
  • 本馆介绍
  • 公告通知
  • 最新文献
  • 馆藏检索
  • 电子资源
  • 读者导购
  • 参考咨询
  • 我的图书馆
  • 登录
  • 详细信息显示
  • 放入我的书架
  • 预约/预借图书
  • 作者相关作品
  • 分类相关作品
  • 丛书相关作品
  • 出版社相关作品

书目信息

  • 表格格式
  • 工作单格式
  • 卡片格式
题名:
荆溪草木情
    
 
作者: 杨延 主编
分册:  
出版信息: 上海   上海大学出版社  2021.1
页数: 301页
开本: 26cm
丛书名:
单 册:
中图分类: Q948.525.34
科图分类:
主题词: 植物--介绍--宜兴
电子资源:
ISBN: 978-7-5671-4060-8
000 01145nam0 2200253 45
001 012001001597
005 20140914113540.0
010    @a978-7-5671-4060-8@b精装@dCNY188.00
100    @a20210330d2021 em y0chiy50 ea
101 0  @achi
102    @aCN@b310000
105    @aak z 000yy
106    @ar
200 1  @a荆溪草木情@Ajing xi cao mu qing@b专著@f杨延[等]主编
210    @a上海@c上海大学出版社@d2021.1
215    @a301页@c照片@d26cm
300    @a江苏省科技镇长团宜兴团成果 宜兴市·江南大学新时代文明实践市校共建成果 江南文化研究院成果
304    @a主编还有:宋东杰、王小平、周业飞
330    @a本书是江苏省科技镇长团宜兴团全体成员在宜兴工作生活学习中对宜兴常见植物的记录和描写,分行道园林、粮油果蔬、资源土特、药用植物、滨滩水生、山野田间六篇,介绍了180种宜兴常见植物的科、属、种、形态、绿化效果。美图展示植株、花果及绿化效果;诗句衬托植物学知识与花木之美,附表分列了420种宜兴常见植物的主要信息。客观记录了宜兴植物分布情况,可供对植物及文学感兴趣的读者阅读。
606 0  @a植物@x介绍@y宜兴
690    @aQ948.525.34@v5
701  0 @a杨延@Ayang yan@4主编
801  0 @aCN@bBJSDL@c20211011
905    @b1336461-4@dQ948.525.34@e497@f4
    
    荆溪草木情/杨延[等]主编.-上海:上海大学出版社,2021.1
    301页:照片;26cm
    江苏省科技镇长团宜兴团成果 宜兴市·江南大学新时代文明实践市校共建成果 江南文化研究院成果
    
    ISBN 978-7-5671-4060-8(精装):CNY188.00
    本书是江苏省科技镇长团宜兴团全体成员在宜兴工作生活学习中对宜兴常见植物的记录和描写,分行道园林、粮油果蔬、资源土特、药用植物、滨滩水生、山野田间六篇,介绍了180种宜兴常见植物的科、属、种、形态、绿化效果。美图展示植株、花果及绿化效果;诗句衬托植物学知识与花木之美,附表分列了420种宜兴常见植物的主要信息。客观记录了宜兴植物分布情况,可供对植物及文学感兴趣的读者阅读。
●
相关链接 在E读中查询图书 在五车中查询图书 在当当中查询图书 在豆瓣中查询图书


正题名:荆溪草木情     索取号:Q948.525.34/497         预约/预借

序号 登录号 条形码 馆藏地/架位号 状态 备注
1 1336461   213364615   第二样本阅览室/ [索取号:Q948.525.34/497] 在馆    
2 1336462   213364624   第三借阅区/ [索取号:Q948.525.34/497] 在馆    
3 1336463   213364633   第三借阅区/ [索取号:Q948.525.34/497] 在馆    
4 1336464   213364642   第三借阅区/ [索取号:Q948.525.34/497] 在馆    
唐山师范学院图书馆 欢迎您!
大连网信软件有限公司© 版权所有